00698nam a2200193 i 450000100060000000300090000600500170001500700030003200800410003510000280007624501140010425000150021826000290023330000220026270000490028485200320033399900170036595201220038234831ES-MaACL20240416102835.0t|030211s1967 sp ||||1| spa d1 aBonnet, Gabriel.93026114aLas guerras insurrecionales y revolucionarias / cGabriel Bonnet ; [traducción de Jesús López Pacheco]. a[1ª ed.]. aMadrid : bCid, c[1967] a312 p. ; c20 cm.1 aLópez Pacheco, Jesús, d1930-1997973855 aES-MaACLjC-33108 bR.63115 c34831d34831 00104070aATENEOMbATENEOMcDEPO2d2008-01-17eSCl0oC-33108p1036358r2023-02-23 00:00:00w2023-02-23yMONOGRAFIA